| 000 | 01001cam a2200277 4500 | ||
|---|---|---|---|
| 001 | J3019 | ||
| 008 | 090401t1995 xxu||||| |||| 00| 0 eng d | ||
| 035 | _a(Sirsi) u52552 | ||
| 041 | _aeng | ||
| 050 | _a692.8 | ||
| 090 | _aJCT 1995/5A | ||
| 110 |
_aJoint Contracts Tribunal _93664 |
||
| 245 | _aStandard Form of Building Contract with Contractor`s Design 1981 edition ... Amendment 8 issued March 1995: Construction (Design and Management) Regulations 1994 (CDM Regulations). | ||
| 260 |
_aLondon _bRIBA Publications _c1995 |
||
| 300 | _a8p. ; 30cm. | ||
| 350 | _a0.4 | ||
| 650 | _aAMENDMENT 8 | ||
| 650 | _aBUILT ENVIRONMENT-BUILDING CONTRACT FORMS | ||
| 650 | _aCONSTRUCTION (DESIGN AND MANAGEMENT) REGULATIONS 1994 | ||
| 650 | _aCONSTRUCTION (DESIGN AND MANAGEMENT) REGULATIONS 1994 | ||
| 650 | _aCONTRACTORS DESIGN | ||
| 650 | _aJCT STANDARD FORM OF CONTRACT WITH CONTRACTORS DESIGN | ||
| 690 | _aBUILT ENVIRONMENT-BUILDING CONTRACT FORMS | ||
| 942 | _n0 | ||
| 948 | _c04/03/1997 | ||
| 999 |
_c93100 _d93100 |
||